[Event "ROM-ch U12"]
[Site "Calimanesti Caciulata"]
[Date "2019.04.20"]
[Round "7"]
[White "Savin, Stefan Alexandru"]
[Black "Zafiu, George Razvan"]
[Result "1/2-1/2"]
[WhiteElo "1001"]
[BlackElo "1001"]
[PlyCount "88"]
[EventDate "2019.04.15"]
[EventType "swiss"]
[EventRounds "9"]
[EventCountry "ROU"]
[SourceTitle "CBM 190 Extra"]
[Source "ChessBase"]
[SourceDate "2019.07.15"]
[SourceVersion "1"]
[SourceVersionDate "2019.07.15"]
[SourceQuality "1"]

1. e4 e5 2. Nf3 Nc6 3. Bc4 Bc5 4. c3 Nf6 5. d4 exd4 6. cxd4 Bb4+ 7. Nc3 Nxe4 8. Qd3 Bxc3+ 9. bxc3 d5 10. Bb5 Bd7 11. 0-0 a6 12. Bxc6 Bxc6 13. Re1 0-0 14. Rb1 Qd6 15. Ng5 Nxg5 16. Bxg5 Rfe8 17. h3 Rxe1+ 18. Rxe1 f6 19. Bh4 Re8 20. Rxe8+ Bxe8 21. Bg3 Bg6 22. Qe3 Qa3 23. Qd2 c5 24. dxc5 Qxc5 25. Bf4 Qc4 26. Be3 Qd3 27. Qb2 Qb5 28. Qxb5 axb5 29. g4 f5 30. g5 Kf7 31. Kg2 Ke6 32. Kg3 Ke5 33. f4+ Ke4 34. Bd4 h6 35. gxh6 gxh6 36. Bg7 h5 37. h4 Kd3 38. Bf6 b4 39. cxb4 Kc4 40. Be7 d4 41. Kf2 d3 42. Ke1 Bf7 43. Kd2 Kd4 44. a4 Bc4 1/2-1/2

[Event "ROM-ch U12"]
[Site "Calimanesti Caciulata"]
[Date "2019.04.16"]
[Round "2"]
[White "Iordache, Rares Mihail"]
[Black "Savin, Stefan Alexandru"]
[Result "1/2-1/2"]
[WhiteElo "1054"]
[BlackElo "1001"]
[PlyCount "46"]
[EventDate "2019.04.15"]
[EventType "swiss"]
[EventRounds "9"]
[EventCountry "ROU"]
[SourceTitle "CBM 190 Extra"]
[Source "ChessBase"]
[SourceDate "2019.07.15"]
[SourceVersion "1"]
[SourceVersionDate "2019.07.15"]
[SourceQuality "1"]

1. d4 e6 2. Bf4 d5 3. c4 Nc6 4. Nc3 Nf6 5. e3 Bb4 6. Bd3 0-0 7. Nge2 Bd6 8. Bg3 Nb4 9. a3 Nxd3+ 10. Qxd3 Bxg3 11. hxg3 h6 12. 0-0-0 b6 13. Rh2 Ba6 14. b3 Qe7 15. Kb2 Rab8 16. a4 c5 17. f3 Qb7 18. g4 Qc7 19. Rdh1 cxd4 20. Nb5 Bxb5 21. cxb5 dxe3 22. g5 Qe5+ 23. Qd4 Qxg5 1/2-1/2

[Event "ROM-ch U12"]
[Site "Calimanesti Caciulata"]
[Date "2019.04.15"]
[Round "1"]
[White "Savin, Stefan Alexandru"]
[Black "Bilcu, Marco Octavian"]
[Result "0-1"]
[WhiteElo "1001"]
[BlackElo "1267"]
[PlyCount "64"]
[EventDate "2019.04.15"]
[EventType "swiss"]
[EventRounds "9"]
[EventCountry "ROU"]
[SourceTitle "CBM 190 Extra"]
[Source "ChessBase"]
[SourceDate "2019.07.15"]
[SourceVersion "1"]
[SourceVersionDate "2019.07.15"]
[SourceQuality "1"]

1. e4 c5 2. Nf3 e6 3. d3 d5 4. Bd2 Nf6 5. Bg5 dxe4 6. dxe4 Qxd1+ 7. Kxd1 Nxe4 8. Be3 Be7 9. Nbd2 Nxd2 10. Nxd2 0-0 11. c3 Nc6 12. Kc2 Rd8 13. Rc1 b6 14. Kb1 Bb7 15. g3 Nd4 16. Rg1 Nf3 17. Nxf3 Bxf3 18. Bg2 Bxg2 19. Rxg2 h6 20. f3 Rd3 21. Re2 Rad8 22. Ree1 c4 23. Kc2 Kh7 24. Rcd1 Rxe3 25. Rf1 Re2+ 26. Kb1 Rxh2 27. Rde1 Rdd2 28. Rd1 Rxb2+ 29. Ka1 Rxa2+ 30. Kb1 Rhb2+ 31. Kc1 Ba3 32. Rd2 Ra1# 0-1